000
00403nam a2200133Ia 4500
008
100328s9999 xx 000 0 und d
082
_b
65426
100
_a
तेंडुलकर प्रिया.
245
_a
पंचतारांकित.
260
_b
राजहंस.
630
_a
पंचतारांकित.
730
_a
पंचतारांकित.
942
_c
BOOK
999
_c
551172
_d
551169